[Event "SenWM Bad Zwischenahn"]
[Site "?"]
[Date "2003.??.??"]
[Round "2"]
[White "Didy, Kaplan"]
[Black "Uhlmann, Wolfgang"]
[Result "0-1"]
[WhiteElo "2135"]
[BlackElo "2455"]
[PlyCount "96"]
[EventDate "2003.??.??"]

1. e4 e6 2. Qe2 c5 3. Nf3 Nc6 4. d3 Be7 5. g3 Nf6 6. e5 Nd5 7. h4 d6 8. exd6
Bxd6 9. Bg2 O-O 10. a4 Nde7 11. O-O Nf5 12. Nc3 b6 13. Ng5 Bb7 14. Qh5 h6 15.
Nge4 Be7 16. Rd1 Qd7 17. Bf4 Rad8 18. Qe2 Nfd4 19. Qf1 f5 20. Nd2 g5 21. hxg5
hxg5 22. Be3 Nxc2 23. Rac1 Nxe3 24. fxe3 Qxd3 25. Qf2 Qd7 26. Qf3 Bf6 27. Qh5
Qf7 28. Qe2 Rd7 29. Nb3 Rfd8 30. Rxd7 Rxd7 31. Rd1 Kg7 32. Nb5 Be5 33. g4 a6
34. Nc3 Bxc3 35. bxc3 Ne5 36. Rxd7 Qxd7 37. gxf5 exf5 38. Qh5 Nf7 39. Qh3 Qd1+
40. Kh2 Qe2 41. Kh1 g4 42. Qg3 Bxg2+ 43. Qxg2 Qxe3 44. Qd5 f4 45. Nd2 Qe1+ 46.
Kg2 Qe2+ 47. Kg1 f3 48. Nxf3 gxf3 0-1

[Event "SenWM Bad Zwischenahn"]
[Site "?"]
[Date "2003.??.??"]
[Round "4"]
[White "Litinskaya, Marta"]
[Black "Komyscheva, Margarita"]
[Result "1-0"]
[WhiteElo "2345"]
[BlackElo "2185"]
[PlyCount "95"]
[EventDate "2003.??.??"]

1. c4 c5 2. g3 Nf6 3. Bg2 d5 4. cxd5 Nxd5 5. Nc3 Nc7 6. Qa4+ Qd7 7. d3 Qxa4 8.
Nxa4 e5 9. Be3 Nba6 10. Rc1 Ne6 11. Nf3 f6 12. Nd2 Rb8 13. b4 b6 14. bxc5 Naxc5
15. Nc3 Bb7 16. O-O Bxg2 17. Kxg2 Be7 18. f4 exf4 19. gxf4 Rd8 20. f5 Nc7 21.
Bg1 Kf7 22. Nc4 Rd7 23. d4 N5a6 24. e4 g6 25. fxg6+ Kxg6 26. e5 Rf8 27. Rf3 Kg7
28. Rcf1 fxe5 29. Rg3+ Kh8 30. Nxe5 Rxf1 31. Kxf1 Bh4 32. Nxd7 Bxg3 33. hxg3
Nb4 34. Ne5 Kg7 35. Ke2 Kf6 36. Be3 h5 37. Kf3 Kf5 38. a3 Nbd5 39. Nxd5 Nxd5
40. Bd2 a5 41. Nd3 Nc7 42. a4 Ne6 43. d5 Nd4+ 44. Ke3 Nc2+ 45. Kf2 Na3 46. Kf3
b5 47. d6 Ke6 48. Bf4 1-0

[Event "SenWM Bad Zwischenahn"]
[Site "?"]
[Date "2003.??.??"]
[Round "9"]
[White "Uhlmann, Wolfgang"]
[Black "Dornieden, Manfred"]
[Result "1/2-1/2"]
[WhiteElo "2455"]
[BlackElo "2265"]
[PlyCount "50"]
[EventDate "2003.??.??"]

1. c4 e5 2. Nc3 Nf6 3. Nf3 Nc6 4. g3 d5 5. cxd5 Nxd5 6. Bg2 Nb6 7. a3 Be6 8. d3
Be7 9. O-O O-O 10. b4 Nd4 11. Be3 Nxf3+ 12. Bxf3 c6 13. Ne4 Nd5 14. Bd2 Bh3 15.
Re1 f5 16. Nc3 Nxc3 17. Bxc3 Bf6 18. b5 e4 19. Qb3+ Qd5 20. Qxd5+ cxd5 21. Bxf6
Rxf6 22. Bg2 Bxg2 23. Kxg2 Rc8 24. Rec1 Rff8 25. f3 exf3+ 1/2-1/2

[Event "SenWM Bad Zwischenahn"]
[Site "?"]
[Date "2003.??.??"]
[Round "9"]
[White "Reichenbach, Werner"]
[Black "Bukal, Vladimir"]
[Result "0-1"]
[WhiteElo "2310"]
[BlackElo "2420"]
[PlyCount "72"]
[EventDate "2003.??.??"]

1. c4 c5 2. Nc3 g6 3. g3 Bg7 4. Bg2 Nc6 5. e3 e5 6. Nge2 Nge7 7. O-O d6 8. a3
O-O 9. Rb1 a5 10. d3 Rb8 11. Bd2 Be6 12. e4 Qd7 13. Qc1 f5 14. f3 Rf7 15. Qc2
h6 16. Nd5 b5 17. b3 g5 18. f4 gxf4 19. gxf4 Ng6 20. Kh1 Nh4 21. cxb5 Rxb5 22.
Rf2 Nxg2 23. Rxg2 Kh7 24. Be3 Nd4 25. Bxd4 cxd4 26. Ng3 Qb7 27. Rf2 Bxd5 28.
exd5 Rxd5 29. Kg1 exf4 30. Nh5 Be5 31. Qe2 Rb5 32. Rf3 Rxb3 33. Rxb3 Qxb3 34.
Rf2 Rb7 35. Kg2 Qg8+ 36. Kh3 Rb2 0-1

[Event "SenWM Bad Zwischenahn"]
[Site "?"]
[Date "2003.??.??"]
[Round "9"]
[White "Ahlberg, Guenter"]
[Black "Zotin, Vladimir"]
[Result "0-1"]
[WhiteElo "2170"]
[BlackElo "2040"]
[PlyCount "51"]
[EventDate "2003.??.??"]

1. e4 d6 2. d4 g6 3. Nc3 Nf6 4. Bg5 Bg7 5. e5 dxe5 6. dxe5 Nfd7 7. f4 O-O 8.
Bc4 Kh8 9. Nf3 f6 10. e6 Nb6 11. Bb3 Qxd1+ 12. Rxd1 fxg5 13. Nxg5 Bxc3+ 14.
bxc3 Nc6 15. a4 Kg7 16. O-O Na5 17. Ba2 Nxa4 18. Rf3 Nc5 19. Re1 b6 20. Rh3 h6
21. Nf3 Rxf4 22. Rg3 Re4 23. Rxe4 Nxe4 24. Rg4 Nxc3 25. Nd4 Nxa2 26. Rf4 0-1

[Event "SenWM Bad Zwischenahn"]
[Site "?"]
[Date "2003.??.??"]
[Round "11"]
[White "Fahnenschmidt, Gerhard"]
[Black "Bernhoeft, Erhardt"]
[Result "0-1"]
[WhiteElo "2191"]
[BlackElo "2080"]
[PlyCount "54"]

1. d4 g6 2. e4 Bg7 3. f4 d6 4. Nc3 c6 5. Nf3 Nd7 6. Bc4 b5 7. Bxf7+ Kxf7 8.
Ng5+ Ke8 9. Ne6 Qb6 10. Nxg7+ Kf7 11. Nh5 gxh5 12. Qxh5+ Kf8 13. Be3 Ndf6 14.
Qf3 Bg4 15. Qg3 h5 16. f5 b4 17. d5 Qa6 18. h3 bxc3 19. hxg4 cxb2 20. Rb1 Nxe4
21. Qf4 Nc3 22. Kd2 Nxb1+ 23. Rxb1 Qxa2 24. f6 Qxd5+ 25. Ke1 Qe5 26. fxe7+ Kxe7
27. Qf2 27... hxg4 {Rest nicht lesbar} 0-1